000 01574nam0a22003371 4500
001 rc\2562454
005 20260406152056.0
010 _d65 к.
_97000
021 _aRU
_b9452
035 _a(NLR Aleph) 006727372
090 _a5507541
_c5507541
100 _a20110914d1927 |||y0rusy50 ca
101 0 _arus
102 _aRU
105 _aa z |||g|
135 _acrcn 024anaba
200 1 _aЭта книжечка моя про моря и про маяк
_e[стихи для детей]
_fВ. Маяковский
_gрис. Б. Покровского
210 _a[Москва]
_cМолодая гвардия
_d1927
_gтипо-литография "Искра революции" Мосполиграф
215 _a12 с.
_cкрасочн. ил.
_d30х23
325 1 _aКопия доступна в электронной библиотеке РНБ
700 1 _8rus
_7ca
_aМаяковский
_bВ. В.
_f1893-1930
_gВладимир Владимирович
_3RU\NLR\AUTH\775761
_9115720
702 1 _4440
_8rus
_7ca
_aПокровский
_bБ. В.
_cхудожник
_f1900-
_gБорис Владимирович
_3RU\NLR\AUTH\7798485
_981411
801 0 _aRU
_bNLR
_gpsbo
801 1 _aRU
_bELAR
_2rusmarc
801 2 _aRU
_bNLR
_c20171113
_2rusmarc
852 _aNLR
_j63/261
901 _eКнижные издания
942 _cBOOK
980 _aNB
981 3 3 _a(33) Художественная литература
_b(33) Книги для детей